Автоматизированная система контроля и управления температурой в климатической камере на базе ПЛК ЭЛСИ-ТМК; Проблемы геологии и освоения недр; Т. 2

التفاصيل البيبلوغرافية
Parent link:Проблемы геологии и освоения недр: труды XXII Международного симпозиума имени академика М. А. Усова студентов и молодых ученых, посвященного 155-летию со дня рождения академика В.А. Обручева, 135-летию со дня рождения академика М.А. Усова, основателей Сибирской горно-геологической школы, и 110-летию первого выпуска горных инженеров в Сибири, Томск, 2-7 апреля 2018 г./ Национальный исследовательский Томский политехнический университет, Инженерная школа природных ресурсов ; под ред. А. С. Боева.— , 2018
Т. 2.— 2018.— [С. 284-285]
المؤلف الرئيسي: Нигай А. Г. Александр Герасимович
مؤلف مشترك: Национальный исследовательский Томский политехнический университет Исследовательская школа физики высокоэнергетических процессов
مؤلفون آخرون: Глушков Д. О. Дмитрий Олегович (научный руководитель)
الملخص:Заглавие с экрана
اللغة:الروسية
منشور في: 2018
سلاسل:Энергосбережение, автоматизация объектов нефтегазовой промышленности
الموضوعات:
الوصول للمادة أونلاين:http://earchive.tpu.ru/handle/11683/51397
التنسيق: MixedMaterials الكتروني فصل الكتاب
KOHA link:https://koha.lib.tpu.ru/cgi-bin/koha/opac-detail.pl?biblionumber=627982

MARC

LEADER 00000naa2a2200000 4500
001 627982
005 20231101133504.0
035 |a (RuTPU)RU\TPU\conf\28053 
035 |a RU\TPU\conf\28052 
090 |a 627982 
100 |a 20181009d2018 k y0rusy50 ca 
101 0 |a rus 
102 |a RU 
105 |a y z 100zy 
135 |a drcn ---uucaa 
181 0 |a i  
182 0 |a b 
200 1 |a Автоматизированная система контроля и управления температурой в климатической камере на базе ПЛК ЭЛСИ-ТМК  |f А. Г. Нигай  |g науч. рук. Д. О. Глушков 
203 |a Текст  |c электронный 
225 1 |a Энергосбережение, автоматизация объектов нефтегазовой промышленности 
230 |a 1 компьютерный файл (pdf; 729 Kb) 
300 |a Заглавие с экрана 
320 |a [Библиогр.: с. 285 (1 назв.)] 
461 1 |0 (RuTPU)RU\TPU\conf\27247  |t Проблемы геологии и освоения недр  |o труды XXII Международного симпозиума имени академика М. А. Усова студентов и молодых ученых, посвященного 155-летию со дня рождения академика В.А. Обручева, 135-летию со дня рождения академика М.А. Усова, основателей Сибирской горно-геологической школы, и 110-летию первого выпуска горных инженеров в Сибири, Томск, 2-7 апреля 2018 г.  |o в 2 т.  |f Национальный исследовательский Томский политехнический университет, Инженерная школа природных ресурсов ; под ред. А. С. Боева  |d 2018 
463 1 |0 (RuTPU)RU\TPU\conf\27249  |t Т. 2  |v [С. 284-285]  |d 2018 
610 1 |a труды учёных ТПУ 
610 1 |a электронный ресурс 
610 1 |a автоматизированные системы 
610 1 |a контроль 
610 1 |a управление запасами 
610 1 |a температура 
610 1 |a климатические камеры 
610 1 |a микропроцессорная техника 
610 1 |a экспериментальные стенды 
700 1 |a Нигай  |b А. Г.  |c специалист в области информатики и вычислительной техники  |c инженер Томского политехнического университета  |f 1992-  |g Александр Герасимович  |2 stltpush  |3 (RuTPU)RU\TPU\pers\37146 
702 1 |a Глушков  |b Д. О.  |c специалист в области теплоэнергетики  |c доцент Томского политехнического университета, кандидат физико-математических наук  |f 1988-  |g Дмитрий Олегович  |2 stltpush  |4 727 
712 0 2 |a Национальный исследовательский Томский политехнический университет  |b Исследовательская школа физики высокоэнергетических процессов  |c (2017- )  |h 8118  |2 stltpush  |3 (RuTPU)RU\TPU\col\23551 
801 2 |a RU  |b 63413507  |c 20200227  |g RCR 
856 4 |u http://earchive.tpu.ru/handle/11683/51397 
942 |c BK